Statistics for FK Crvena Zvezda 2019-20

Click here to take the quiz!

General Stats

  • This quiz has been taken 26 times
  • The average score is 22 of 31

Answer Stats

Broj Nacionalnost Pozicija Answer % Correct
82KanadaGolmanMilan Borjan
95%
10NemackaPrednji VezniMarko Marin
95%
23SrbijaBekMilan Rodic
95%
5AustralijaStoperMilos Degenek
95%
18BrazilBekJander
90%
77Srbija-Marko Gobeljic
90%
19SrbijaStoperNemanja Milunovic
85%
6SrbijaStoperRadovan Pankov
85%
9SrbijaSpicMilan Pavkov
85%
1SrbijaGolmanZoran Popovic
80%
15SrbijaStoperSrdjan Babic
80%
3SrbijaZadnji vezniBranko Jovicic
80%
14GanaSpicRichmond Boakye
75%
17PortugalijaSpicTomane
75%
31Komorska OstrvaKriloel Fardou Ben
75%
-SrbijaTrenerVladan Milojevic
75%
2SrbijaBekMilan Gajic
75%
87SpanijaZadnji vezniJose Alberto Canas
75%
11ArgentinaKriloMateo Garcia
70%
8Crna GoraVezniMirko Ivanic
70%
92SrbijaKrilo / SpicAleksa Vukanovic
70%
29SrbijaZadnji vezniDusan Jovancic
70%
91HolandijaKriloRajiv Van la Parra
65%
7SrbijaVezniMilos Vulic
60%
22SrbijaVezniVeljko Nikolic
55%
20SrbijaVezniNjegos Petrovic
55%
27SrbijaGolmanNikola Vasiljevic
55%
21SrbijaVezni / KriloVeljko Simic
55%
99SrbijaSpicNikola Krstovic
55%
12SrbijaGolmanAleksandar Stankovic
50%
2SrbijaVezniJug Stanojev
10%

Score Distribution

Percentile by Number Answered

Percent of People with Each Score

Your Score History

You have not taken this quiz